Catálogo alfabético i por materias de las obras que contiene la Biblioteca Nacional Egaña de Santiago de Chile
Bewaard in:
| Coauteur: | |
|---|---|
| Formaat: | Boek |
| Taal: | Spaans |
| Gepubliceerd in: |
Santiago
Imprenta de La Sociedad
1860
|
| Editie: | 1a. ed |
| Onderwerpen: | |
| Tags: |
Voeg label toe
Geen labels, Wees de eerste die dit record labelt!
|
MARC
| LEADER | 00000nam a2200000 a 4500 | ||
|---|---|---|---|
| 001 | UCJ6445 | ||
| 003 | CL-VaPUC | ||
| 008 | 070124e18601100CL |||||||||||||||||spa|d | ||
| 082 | 0 | 4 | |a 027 |b BIB |2 21 |
| 110 | 2 | |a Biblioteca Nacional Egaña |e author |9 513104 | |
| 245 | 1 | 0 | |a Catálogo alfabético i por materias de las obras que contiene la Biblioteca Nacional Egaña de Santiago de Chile |
| 250 | |a 1a. ed | ||
| 300 | |a 149 p | ||
| 942 | |c BK | ||
| 945 | |d 20070124 00:00:00 |a rinostro | ||
| 260 | |a Santiago |b Imprenta de La Sociedad |c 1860 | ||
| 500 | |a Este catálogo se encuentra empastado junto al Catálogo de la Biblioteca Nacional en un volumen rotulado CHILE, Catalogos y se ubica en 027 BIB | ||
| 600 | 0 | 7 | |a BIBLIOTECA NACIONAL EGAÑA |2 CL-VaPUC |9 513105 |
| 650 | 0 | |a Bibliotecas |9 334508 | |
| 650 | 7 | |a CATALOGOS BIBLIOGRAFICOS |2 CL-VaPUC |9 512307 | |
| 650 | 0 | |a Bibliografías |9 257071 | |
| 583 | |a last modification |c 20070124 00:00:00 |k Rodrigo Vera | ||
| 999 | |c 322548 |d 322546 | ||
| 952 | |0 0 |1 0 |4 0 |6 027_000000000000000_BIB_1860 |7 0 |8 X |9 401558 |a FDOBUD |b FDOBUD |d 2019-11-22 |i 1048686 |o 027 BIB 1860 |p 1048686 |r 2019-11-22 |w 2019-11-22 |y BK_X |k BUD | ||